Khảo sát thành phần tảo silic ở một số thủy vực phía Tây Bắc đảo Phú Quốc : Luận văn tốt nghiệp cao học. Chuyên ngành Sinh thái học

Xác định thành phần tảo Silic ở Phú Quốc vào mùa mưa và mùa khô; Xây dựng bộ sưu tập hình ảnh hiển vi của tảo silic với những thông tin cơ bản

में बचाया:
ग्रंथसूची विवरण
मुख्य लेखक: Nguyễn, Thị Kiều Diễm
स्वरूप: पुस्तक
भाषा:Undetermined
प्रकाशित: Cần Thơ Trường Đại học Cần Thơ 2015
विषय:
टैग : टैग जोड़ें
कोई टैग नहीं, इस रिकॉर्ड को टैग करने वाले पहले व्यक्ति बनें!
Thư viện lưu trữ: Trung tâm Học liệu Trường Đại học Cần Thơ
LEADER 01077nam a2200229Ia 4500
001 CTU_201452
008 210402s9999 xx 000 0 und d
082 |a 579.8 
082 |b D304 
088 |a 60420120 
100 |a Nguyễn, Thị Kiều Diễm 
245 0 |a Khảo sát thành phần tảo silic ở một số thủy vực phía Tây Bắc đảo Phú Quốc : 
245 0 |b Luận văn tốt nghiệp cao học. Chuyên ngành Sinh thái học 
245 0 |c Nguyễn Thị Kiều Diễm ; Ngô Thanh Phong (Cán bộ hướng dẫn) 
260 |a Cần Thơ 
260 |b Trường Đại học Cần Thơ 
260 |c 2015 
520 |a Xác định thành phần tảo Silic ở Phú Quốc vào mùa mưa và mùa khô; Xây dựng bộ sưu tập hình ảnh hiển vi của tảo silic với những thông tin cơ bản 
650 |a Algae Silicon,Tảo silic 
904 |i Nguyên 
910 |a Khoa 
980 |a Trung tâm Học liệu Trường Đại học Cần Thơ